1015 1340 1777 1201 1995 1244 1824 1698 1484 1230 1659 1832 1048 1305 1123 1812 1873 1096 1082 1319 1943 1124 1971 1245 1945 1271 1607 1873 1034 1623 1221 1296 1586 1744 1691 1744 1627 1400 1691 1051 1121 1238 1425 1382 1288 1617 1439 1604 1306 1692 1411 1632 1305 1635 1677 1631 1009 1526 1980 1894 1914 1777 1424 1377 1730 1729 1505 1178 1392 1806 1500 1868 1305 1944 1302 1552 1347 1567 1711 1502 1012 1580 1592 1328 1572 1052 1569 1581 1314 1158 1361 1831 1038 1479 1342 1189 1213 1873 1528 BCNSPRNW ULIB Ver.6.0+V

เปลี่ยนเป็นภาษาไทย

Change to English
 แสดงรายละเอียดบรรณานุกรม
  กลับหน้าหลัก

Brief Record : Get Marc (ISO 2709) : E-mail record : QR code < ปิดหน้าต่าง
LEADER : 00000nam 2200000uu 4500
001    13399126224
003     ULIB
008    180808s||||||||th 000 0 tha d
020    ^a9789748818139
060  4 ^aWY18.2^bว585ส
110 1  ^aวิทยาลัยพยาบาลเครือข่ายภาคกลาง
245 00 ^aสาระทบทวน วิชา การพยาบาลอนามัยชุมชนและการรักษาพยาบาลขั้นต้น/^cวิทยาลัยพยาบาลเครือข่ายภาคกลาง
250    ^aพิมพ์ครั้งที่ 3
260    ^aกรุงเทพฯ:^bวิทยาลัยพยาบาลเครือข่ายภาคกลาง,^c2549
300    ^a140
650  7 ^aการพยาบาลอนามัยชุมชนและการรักษาพยาบาลขั้นต้น^xคำถามและคำตอบ
945    ^p0^l0^i020247
945    ^p0^l0^i020248
945    ^p0^l0^i020249
945    ^p0^l0^i020250
945    ^p0^l0^i020253
945    ^p0^l0^i020251
945    ^p0^l0^i020252
995    ^aณรีรัตน์
999 ^a 2549ใช้งานได้ทุกระบบ
รายการนี้ยังไม่มีแท็ก
คุณยังไม่ได้ล็อกอิน คุณสามารถมีกิจกรรมร่วมกับเว็บไซต์ได้ แต่ต้องล็อกอินก่อน ::
  ล็อกอิน

รายการสื่อสารสนเทศ

ลำดับที่ ประเภท เลขเรียก/บาร์โค้ด สถานที่ สถานะ
1. การศึกษาทั่วไป
การศึกษาทั่วไป
WY18.2 ว585ส ฉ.1 
  Barcode: 020247
ห้องสมุดวิทยาเขตสวรรค์ประชารักษ์
►หนังสือทั่วไป
บนชั้น
2. การศึกษาทั่วไป
การศึกษาทั่วไป
WY18.2 ว585ส ฉ.2 
  Barcode: 020248
ห้องสมุดวิทยาเขตสวรรค์ประชารักษ์
►หนังสือทั่วไป
บนชั้น
3. การศึกษาทั่วไป
การศึกษาทั่วไป
WY18.2 ว585ส ฉ.3 
  Barcode: 020249
ห้องสมุดวิทยาเขตสวรรค์ประชารักษ์
►หนังสือทั่วไป
บนชั้น
4. การศึกษาทั่วไป
การศึกษาทั่วไป
WY18.2 ว585ส ฉ.4 
  Barcode: 020250
ห้องสมุดวิทยาเขตสวรรค์ประชารักษ์
►หนังสือทั่วไป
บนชั้น
5. การศึกษาทั่วไป
การศึกษาทั่วไป
WY18.2 ว585ส ฉ.5 
  Barcode: 020251
ห้องสมุดวิทยาเขตสวรรค์ประชารักษ์
►หนังสือทั่วไป
บนชั้น
6. การศึกษาทั่วไป
การศึกษาทั่วไป
WY18.2 ว585ส ฉ.6 
  Barcode: 020252
ห้องสมุดวิทยาเขตสวรรค์ประชารักษ์
►หนังสือทั่วไป
บนชั้น
7. การศึกษาทั่วไป
การศึกษาทั่วไป
WY18.2 ว585ส ฉ.7 
  Barcode: 020253
ห้องสมุดวิทยาเขตสวรรค์ประชารักษ์
►หนังสือทั่วไป
บนชั้น

BibComment


ยังไม่เคยถูกคอมเมนท์

คอมเมนท์ทรัพยากรรายการนี้
  คอมเมนท์: สาระทบทวน วิชา ก..


 Copyright 2026. Bcnsprnw @Library